000 00626nam a2200241Ia 4500
003 OSt
005 20220918200615.0
006 a|||||r|||| 00| 0
007 ta
008 220917b |||||||| |||| 00| 0 eng d
024 _a89,492
037 _cTextual
040 _aARTS
_cARTS
_beng
041 _2eng
_aeng
082 _aU47, L4-;1
100 _aPecsi Marton eed
_994810
245 0 _aMan and environment
260 _c1974
650 _aHUMAN GEOGRAPHY
_91464
700 _a Probald Ferenc ed
_994811
942 _hU47, L4-;1
_cTEXL
_2CC
999 _c213162
_d213162